Normal view
MARC view
Entry Personal Name
001 - CONTROL NUMBER
- control field: 20794
003 - CONTROL NUMBER IDENTIFIER
- control field: OSt
005 - DATE AND TIME OF LATEST TRANSACTION
- control field: 20210122125553.0
008 - FIXED-LENGTH DATA ELEMENTS
- fixed length control field: 210122|| aca||aabn | a|a d
040 ## - CATALOGING SOURCE
- Original cataloging agency: OSt
- Transcribing agency: OSt
100 ## - HEADING--PERSONAL NAME
- Personal name: Anooshahr, Ali.
670 ## - SOURCE DATA FOUND
- Source citation: Work cat.: (OSt)514446: Anooshahr, Ali. , The elephant and imperial continuities in north India
